000 00655nam a2200217 4500
003 OSt
005 20260601193848.0
008 260417b1980 mx a|||| |||| 00| 0 spa d
040 _aICI
_bspa
_cICI
050 _aCC135
_bC45
100 1 _aJorge Anaya Soto
_931852
245 0 _aCentros historicos :
_bVocabulario
264 _bSahop,
_c1980
_aMéxico :
300 _a97 páginas
336 _atexto
_2rdacontent
337 _asin medio
_2rdamedia
338 _avolumen
_2rdacarrier
650 _aMonumentos históricos
_vVocabulario
_931853
651 _aMéxico
_vVocabularios, glosarios, etc.
_xHistoria |y Revolución, 1910-1920
_931854
942 _2lcc
_cB
999 _c21747
_d21747